000 00831nam a2200241 a 4500
003 MX-MxUPN
005 20241016151646.0
008 121004s2008 mx r 000 0 spa d
035 _aUPN01000187094
040 _aMX-MxUPN
_bspa
_cMX-MxUPN
041 0 _aspa
050 1 4 _aLC5055 M6
_bY34 2008
245 0 0 _a¿Y ahora qué hago?
246 0 3 _aConvenios, acuerdos y programas de trabajo
260 _aMéxico, D.F. :
_bInstituto Nacional para la Educación de los Adultos :
_bConsejo Nacional de Educación para la Vida y el Trabajo,
_c2008.
300 _a35 páginas
650 4 _aModelo educativo para la vida y el trabajo
_922833
650 4 _aEducación para el trabajo
_zMéxico
_954150
650 4 _aEducación de adultos
_zMéxico
_95673
902 _aVíctor Ruiz/161024
942 _2lcc
_cFOLL
999 _c159197
_d159197